Corporate finance : the core (Record no. 10657)
[ view plain ]
| 000 -LEADER | |
|---|---|
| fixed length control field | 00592 a2200205 4500 |
| 000 - LEADER | |
| fixed length control field | BKB |
| 001 - CONTROL NUMBER | |
| control field | 137685 |
| 005 - DATE AND TIME OF LATEST TRANSACTION | |
| control field | 20200902153308.0 |
| 008 - FIXED-LENGTH DATA ELEMENTS--GENERAL INFORMATION | |
| fixed length control field | |
| 020 ## - INTERNATIONAL STANDARD BOOK NUMBER | |
| International Standard Book Number | 9780132153683 |
| 082 ## - DEWEY DECIMAL CLASSIFICATION NUMBER | |
| Classification number | 658.15 |
| Item number | B45C |
| 100 1# - MAIN ENTRY--PERSONAL NAME | |
| Personal name | Berk, Jonathan |
| 245 1# - TITLE STATEMENT | |
| Title | Corporate finance : the core |
| Statement of responsibility, etc | By Jonathan Berk and Peter Demarzo |
| 250 ## - EDITION STATEMENT | |
| Edition statement | 2nd ed. |
| 260 ## - PUBLICATION, DISTRIBUTION, ETC. (IMPRINT) | |
| Place of publication, distribution, etc | Boston |
| Name of publisher, distributor, etc | Prentice Hall |
| Date of publication, distribution, etc | 2011 |
| 300 ## - PHYSICAL DESCRIPTION | |
| Extent | 669p. |
| 630 ## - SUBJECT ADDED ENTRY--UNIFORM TITLE | |
| Uniform title | Commerce |
| 690 ## - LOCAL SUBJECT ADDED ENTRY--TOPICAL TERM (OCLC, RLIN) | |
| Topical term or geographic name as entry element | Corporations--Finance; Investment analysis; Industrial management |
| 700 ## - ADDED ENTRY--PERSONAL NAME | |
| Personal name | Demarzo, Pater |
| Numeration | |
| Titles and other words associated with a name | |
| Withdrawn status | Lost status | Damaged status | Not for loan | Home library | Current library | Date acquired | Cost, normal purchase price | Total Checkouts | Full call number | Barcode | Date last seen | Price effective from | Koha item type |
|---|---|---|---|---|---|---|---|---|---|---|---|---|---|
| Central University Of Rajasthan | Central University Of Rajasthan | 12/03/2014 | 0.00 | 658.15 B45C | 12928 | 21/11/2024 | 02/09/2020 | Books |
